000 00218nam a2200097Ia 4500
008 190216s9999||||xx |||||||||||||| ||und||
100 _aK T Mohammed
245 0 _aKafar
260 _bAddison-Wesley Pbl: Co:
942 _cBK
999 _c23746
_d23746